[Event "GER-ch U10"]
[Site "Willingen"]
[Date "2023.06.02"]
[Round "9"]
[White "Belin, Anton"]
[Black "Heins, Simon"]
[Result "0-1"]
[WhiteElo "1662"]
[BlackElo "1592"]
[PlyCount "106"]
[EventDate "2023.05.27"]
[EventType "swiss"]
[EventRounds "11"]
[EventCountry "GER"]
[SourceTitle "CBM 214 Extra"]
[Source "ChessBase"]
[SourceDate "2023.07.31"]
[SourceVersion "1"]
[SourceVersionDate "2023.07.31"]
[SourceQuality "1"]

1. e4 c5 2. Nc3 Nc6 3. Bb5 e5 4. Nf3 d6 5. h3 Be7 6. d3 Nf6 7. Bg5 h6 8. Bxf6 Bxf6 9. Nd5 a6 10. Bxc6+ bxc6 11. Nxf6+ Qxf6 12. c4 Qg6 13. Nh4 Qg5 14. g3 0-0 15. Qd2 Rb8 16. b3 Qh5 17. Qe2 Qg5 18. Qe3 Qd8 19. Kf1 f5 20. exf5 Bxf5 21. Nxf5 Rxf5 22. Kg2 Qf6 23. Rhf1 Rf8 24. f3 d5 25. cxd5 cxd5 26. Qxc5 Qf7 27. Qe3 Rg5 28. f4 exf4 29. Qe1 f3+ 30. Kh2 Re8 31. Qf2 Re2 32. Qxe2 fxe2 33. Rxf7 Kxf7 34. Re1 Re5 35. Kg2 Re3 36. Kf2 Rxd3 37. Rxe2 Kf6 38. h4 Kf5 39. Re7 g5 40. hxg5 hxg5 41. Re2 Kg4 42. Re5 Rd2+ 43. Kf1 d4 44. a4 Rb2 45. Re4+ Kf3 46. Re5 Rxb3 47. Ke1 Re3+ 48. Rxe3+ dxe3 49. a5 Kxg3 50. Ke2 Kf4 51. Kd1 Kf3 52. Ke1 e2 53. Kd2 Kf2 0-1

[Event "GER-ch U10"]
[Site "Willingen"]
[Date "2023.05.28"]
[Round "2"]
[White "Belin, Anton"]
[Black "Andersen, Jonathan1111"]
[Result "1-0"]
[WhiteElo "1662"]
[BlackElo "1494"]
[PlyCount "99"]
[EventDate "2023.05.27"]
[EventType "swiss"]
[EventRounds "11"]
[EventCountry "GER"]
[SourceTitle "CBM 214 Extra"]
[Source "ChessBase"]
[SourceDate "2023.07.31"]
[SourceVersion "1"]
[SourceVersionDate "2023.07.31"]
[SourceQuality "1"]

1. e4 e5 2. Nf3 Nc6 3. Bc4 Be7 4. d4 exd4 5. Nxd4 d6 6. Nxc6 bxc6 7. 0-0 Nf6 8. Nc3 0-0 9. f3 Be6 10. Bb3 d5 11. e5 Nd7 12. f4 Bf5 13. h3 Bc5+ 14. Kh1 Qh4 15. Qf3 Rfe8 16. Bd2 Re6 17. Be1 Qh6 18. g4 Be4 19. Nxe4 dxe4 20. Qg3 Re7 21. Bd2 Kh8 22. Rad1 f6 23. e6 Nf8 24. g5 Qh5 25. gxf6 gxf6 26. Bc3 Qh6 27. f5 Rg7 28. Qh2 Bd6 29. Rxd6 cxd6 30. Rf4 d5 31. Rg4 Rxg4 32. hxg4 Qxh2+ 33. Kxh2 h6 34. Bxf6+ Kg8 35. c4 Nh7 36. Bd4 Ng5 37. Bf6 Nf3+ 38. Kg3 Nd2 39. cxd5 Nxb3 40. d6 Nc5 41. d7 e3 42. Be7 Nd3 43. Kf3 Ne5+ 44. Kxe3 Nxg4+ 45. Kf4 Nf2 46. f6 Nd3+ 47. Kf5 Nxb2 48. Kg6 Nc4 49. f7+ Kh8 50. Bf6# 1-0

[Event "Bayern Jubilar U12"]
[Site "Bayreuth"]
[Date "2022.08.30"]
[Round "5"]
[White "Cwiklik, Jonah"]
[Black "Belin, Anton"]
[Result "1/2-1/2"]
[WhiteElo "1069"]
[BlackElo "1482"]
[PlyCount "63"]
[EventDate "2022.08.27"]
[EventType "swiss"]
[EventRounds "7"]
[EventCountry "GER"]
[SourceTitle "EXT 2023"]
[Source "ChessBase"]
[SourceDate "2022.10.05"]
[SourceVersion "1"]
[SourceVersionDate "2022.10.05"]
[SourceQuality "1"]

1. e4 c6 2. d4 d5 3. exd5 cxd5 4. Nf3 Nf6 5. Nc3 Nc6 6. Bf4 Bg4 7. Be2 e6 8. h3 Bh5 9. 0-0 Bd6 10. Bxd6 Qxd6 11. Re1 0-0 12. Ne5 Bxe2 13. Rxe2 Nd7 14. Nb5 Qe7 15. Nxc6 bxc6 16. Nc3 f5 17. f4 Nf6 18. g3 Qf7 19. Kh2 Rae8 20. Rg2 Qh5 21. Qxh5 Nxh5 22. Re1 Nf6 23. g4 Ne4 24. Nxe4 fxe4 25. Kg3 Rf7 26. h4 c5 27. dxc5 Ref8 28. Rf2 e5 29. f5 g6 30. Ref1 e3 31. Rf3 e2 32. Re1 1/2-1/2

[Event "GER-ch U10"]
[Site "Willingen"]
[Date "2022.06.11"]
[Round "11"]
[White "Belin, Anton"]
[Black "Rau, Eduard"]
[Result "1/2-1/2"]
[WhiteElo "1213"]
[BlackElo "1406"]
[PlyCount "120"]
[EventDate "2022.06.04"]
[EventType "swiss"]
[EventRounds "11"]
[EventCountry "GER"]
[SourceTitle "CBM 208 Extra"]
[Source "ChessBase"]
[SourceDate "2022.07.31"]
[SourceVersion "1"]
[SourceVersionDate "2022.07.31"]
[SourceQuality "1"]

1. e4 e5 2. Nf3 Nc6 3. Bc4 Nf6 4. Nc3 Nxe4 5. 0-0 Nxc3 6. dxc3 Bc5 7. Ng5 Qf6 8. Bxf7+ Kd8 9. Qd5 Bd6 10. f4 Ne7 11. Qd3 h6 12. Ne4 Qxf7 13. fxe5 Bc5+ 14. Nxc5 Qd5 15. Qxd5 Nxd5 16. Rd1 c6 17. c4 Nc7 18. e6 d6 19. Rxd6+ Ke7 20. Bf4 b6 21. Rxc6 Ne8 22. Nd3 Bb7 23. Bd6+ Nxd6 24. Rc7+ Kxe6 25. c5 Bxg2 26. Re1+ Be4 27. cxd6 Kxd6 28. Rxg7 Bxd3 29. cxd3 Rhg8 30. Rxg8 Rxg8+ 31. Kf2 Rg7 32. Kf3 Kd5 33. Re4 b5 34. Rh4 Rf7+ 35. Kg3 Rf6 36. a4 Rg6+ 37. Rg4 Rxg4+ 38. Kxg4 bxa4 39. Kh5 Kd4 40. Kxh6 Kxd3 41. Kg5 Kc2 42. h4 Kxb2 43. h5 a3 44. h6 a2 45. h7 a1Q 46. h8Q+ Kb1 47. Qh1+ Ka2 48. Qd5+ Ka3 49. Qa5+ Kb2 50. Qb4+ Kc2 51. Qe4+ Kb3 52. Qb7+ Kc4 53. Qf7+ Kb5 54. Qb7+ Kc5 55. Qc7+ Kd5 56. Qd7+ Ke4 57. Qh7+ Kd5 58. Qd7+ Kc5 59. Qc7+ Kb5 60. Qb7+ Kc5 1/2-1/2